000
00341pab a2200145 454500
008
180718b82-3 xxu||||| |||| 00| 0 eng d
100
_a
Klauss, Rudi
245
_a
Managerial work and executive development
260
_c
82-3
300
_a
53-7
362
_a
Winter
650
_a
Executives - U.S.A.
773
_a
Bureaucrat
909
_a
7917
999
_c
7917
_d
7917